000 03006nam a2200313 i 4500
003 EG-GICUC
005 20260427182505.0
008 260427s2008 ua |||fr|||| 00| 0 ara d
040 _a EG-GICUC
_bara
_c EG-GICUC
_d EG-GICUC
_erda
041 0 _aAra
082 0 4 _221
_a343.3807
_bم ج . م
092 0 4 _221
099 _aLaw1 10 343.3807 م ج . م 2008
100 0 _aمجدى محمود محب حافظ
_eمؤلف.
245 1 0 _aموسوعة العدالة فى أحكام النقض الجنائى فى عشر سنوات من 1997 - 2007.
_nالجزء الأول،
_pاتفاق اتلاف - اثبات الإعتراف - الأوراق الرسمية - الخبرة الشهود • القرائن المعاينة . إثبات بوجه عام - إتبات مدنى اجانب - إجراءات - إجراءات التحريز إجراءات التحقيق • إجراءات أحداث - احزاب • أحوال إختبار الإ.ختصاص المكاني شخصية - أحوال مدنية - أخبار كاذبة وإشاعات مغرضه التقاضي • إجراءات المحاكمة • إحالة تنازع الاختصاص - إختلاس فضائي - اختصاص - إختصاص بوجه عام أشياء محجوزة - إختلاس أموال أميرية - إخفاء أشياء مسروقة . الاختصاص النوعي - الاختصاص الولائي إخفاء جنة الخفاء أموال منقولة لعديمي الأهلية أو الغالبين عمدي بنظام توزيع سلعة • إخلال عمدي في تنفيذ عقد مقاولة الجنون وعامة العقل . إزعاج - أسباب الإباحة ومواقع العقاب السكر الإختياري - حالة الضرورة الدفاع الشرعي - الغيبوبة الارتكاب فعال تنفيذا لأمر صادر إليه من رئيس تجب عليه طاعته التقرير به عمل الطبيب ميعاده إخلال ارتباط إباحة نطاقه نظرة والحكم فيه - سقوطه • إستئناف الحكم الصادر في المعارضة القوة القاهرة - إستئناف استجواب ، حق على اختار أو دمعات ال العلامات. الحدى المصالح الحكومية - استدلالات • إستغلال /
_cتأليف دكتور مجدى محمود محب حافظ.
264 1 _aالقاهرة :
_bدار شادى،
_bدار العدالة،
_c2008.
300 _a573 ؛صفحة
_c24 سم.
336 _2rda content
_atext
337 _2rda media
_aComputer
338 _2rda carrier
_aOnline Resource
505 _aالجزء الأول يحتوى على حرف الألف
546 _aالنص باللغة العربية
650 1 _aالأحكام الجنائية
_xأحكام النقض
_2qrmak
650 1 _aالقانون الجنائى
_2qrmak
651 1 _2qrmak
856 4 0 _uhttps://fll.law.cu.edu.eg/fulltext/bks/B10-10697.pdf
905 _a54
942 _2ddc
_cBK
_e21
_n0
999 _c73718
_d73718